000 00390pab a2200157 454500
008 180718b2012 xxu||||| |||| 00| 0 eng d
100 _aCybil, K.V.
245 _aProblems in the study of man and the shifting borders of caste
260 _c2012
300 _ap.135-144.
362 _aJan
650 _aCaste
773 _aIndian Journal of Social Work
908 _aN
909 _a98264
999 _c98263
_d98263